| 000 | 01566nam a2200217Ia 4500 | ||
|---|---|---|---|
| 999 |
_c34834 _d34834 |
||
| 001 | 645 | ||
| 003 | GE_BSU | ||
| 005 | 20220921114401.0 | ||
| 008 | 181216s2010||||ge |||||||||||||| ||geo|| | ||
| 020 | _a9789941131783 | ||
| 040 | _cGE_BSU | ||
| 041 | _ageo | ||
| 080 | _a94(479.9) კ–145 | ||
| 245 |
_aკავკასიოლოგთა II საერთაშორისო კონგრესი კავკასიური ცივილიზაცია - ისტორია და თანამედროვეობა = II international congress of caucasiologists Caucasian civilization - history and modernity = II международный конгресс кавказоведов Кавказская цивилизация - история и современность : _cივ.ჯავახიშვილის სახ.უნ–ტის ჰუმანიტარულ მეცნ.ფაკ–ის კავკასიოლოგიის ინტი. არნ.ჩიქობავას სახ. ენათმეცნიერების ინ–ტი. |
||
| 264 |
_aთბილისი : _bთბილისის უნივერსიტეტის გამ–ბა, _c2010. |
||
| 300 | _a52 გვ. | ||
| 653 | _aკავკასიოლოგია - საერთაშორისო კონგრესები | ||
| 653 | _aკავკასიური ცივილიზაცია | ||
| 653 | _aკავკასიური ენები. | ||
| 942 |
_cBK _2udc |
||